Strzelcy bramek w 30 kolejce Premier League w sezonie 20/21. - Statystyki

Ogólne statystyki
  • Ten quiz został rozwiązany 19 razy
  • Średni wynik to 21 z 38
Statystyki odpowiedzi
Mecz Piłkarz % Poprawnych
Arsenal - Liverpool 0:2 Salah
100%
Newcastle - Tottenham 1:1 Kane
89%
Newcastle - Tottenham 1:2 Kane
89%
Manchester United - Brighton 1:1 Rashford
89%
Arsenal - Liverpool 0:1 Jota
84%
Arsenal - Liverpool 0:3 Jota
84%
Leicester - Manchester City 0:2 Jesus
74%
Chelsea - West Brom 2:4 Mount
74%
Wolves - West Ham 2:3 Silva
74%
Aston Villa - Fulham 3:1 Watkins
74%
Southampton - Burnley 2:2 Ings
68%
Chelsea - West Brom 1:0 Pulisic
63%
Wolves - West Ham 0:3 Bowen
58%
Wolves - West Ham 0:1 Lingard
58%
Aston Villa - Fulham 0:1 Mitrovic
58%
Chelsea - West Brom 1:1 Pereira
58%
Chelsea - West Brom 1:2 Pereira
58%
Manchester United - Brighton 2:1 Greenwood
53%
Manchester United - Brighton 0:1 Welbeck
53%
Leeds - Sheffield United 1:0 Harrison
47%
Everton - Crystal Palace 1:0 James
47%
Newcastle - Tottenham 1:0 Joelinton
47%
Leicester - Manchester City 0:1 Mendy
47%
Wolves - West Ham 0:2 Fornals
42%
Southampton - Burnley 3:2 Redmond
42%
Chelsea - West Brom 1:3 Robinson
42%
Chelsea - West Brom 2:5 Robinson
42%
Aston Villa - Fulham 1:1 Trezeguet
42%
Aston Villa - Fulham 2:1 Trezeguet
42%
Wolves - West Ham 1:3 Dendoncker
37%
Southampton - Burnley 0:2 Vydra
37%
Newcastle - Tottenham 2:2 Willock
37%
Southampton - Burnley 0:1 Wood
37%
Southampton - Burnley 1:2 Armstrong
32%
Leeds - Sheffield United 2:1 (Bramka Samobójcza) Jagielka
32%
Everton - Crystal Palace 1:1 Batshuayi
26%
Chelsea - West Brom 1:4 Diagne
21%
Leeds - Sheffield United 1:1 Osborn
16%
Nie znaleziono quizów pasujących do podanych kryteriów
Rozkład punktacji
Procent ludzi z każdym wynikiem
Percentyl według liczby udzielonych odpowiedzi
Twoja historia wyników
Nie rozwiązałeś tego quizu